000 00638cam a22002293a 4500
001 1046
003 PGUSA
005 20140828082956.0
008 060503s2006||||xxu|||||s|||||000 | eng d
040 _aPGUSA
_beng
042 _adc
050 4 _aBT
100 1 _aWells, H. G.
_q(Herbert George),
_d1866-1946
245 1 0 _aGod, the Invisible King
_h[electronic resource] /
_cH. G. Wells
260 _bProject Gutenberg,
_c2006
506 _aPublic domain in the USA.
516 _aElectronic text
653 _aGod (Christianity)
830 0 _aProject Gutenberg
_v1046
856 4 0 _uhttp://www.gutenberg.org/ebooks/1046
942 _cEB
999 _c230397
_d230397